000 00805cad a2200181 4500
001 WS122892
008 030702n 000 0 eng u
035 _a(Sirsi) u122892
110 _aAssociation of Residential Managing Agents
_94485
245 _aAssociation of Residential Managing Agents
_h[electronic resource]
520 _aWeb site for this organisation which focuses on matters relating to the block management of residential property whether for landlords or residential management companies. Includes their code of practice and details of publications and events.
650 _aORGANISATION
650 _aLANDLORDS
650 _aRESIDENTIAL MANAGEMENT COMPANIES
690 _aHOUSING
856 4 0 _uhttps://www.arma.org.uk
_zView the website free of charge at www.arma.org.uk
942 _n0
999 _c120303
_d120303